000 00422nam a2200157Ia 4500
005 20250305074837.0
008 240331s9999 xx 000 0 und d
020 _a817094063X
082 _bKAD
_a954
100 _aKadian, R
245 0 _aIndia's Sri Lanka Fiasco :
_bpeace keepers at war
260 _aNew Delhi
_bVision Books Pvt Ltd
_c1990
300 _a184 p .,
650 _aSri Lankan Government
942 _cL
999 _c3460
_d3460